000 00687nam a22002297a 4500
999 _c14803
_d14803
003 AR-CdUCM
008 190424b ||||| |||| 00| 0 spa d
020 _a978-9974-738-01-0
040 _aMUNICIPALIDAD PROVINCIAL DEL CUSCO
_cBIBLIOTECA MUNICIPAL DEL CUSCO
041 _heng
082 _aPI / 803 /
_bL28
110 _aLatinbooks
_933213
245 _aCuentos con relieve Max y la montaña de caramelo /
260 _aChina :
_bLatinbooks,
_c2016.
300 _bilustraciones, graficos, dibujos
_c25 cm.
500 _aTexto para niños
650 _aTextos
_94584
650 _aLiteratura
_983
650 _aHistoria
_9136
942 _2ddc
_cLIBROS
945 _apjha
_d2019-04-24